Ngữ văn 9 T.2

NV Tiếng Việt trong trường phổ thông

Shranjeno v:
Bibliografske podrobnosti
Glavni avtor: Nguyễn, Khắc Phi
Drugi avtorji: Nguyễn, Văn Long
Format: Knjiga
Jezik:Undetermined
Izdano: H. Giáo dục 2005
Teme:
Online dostop:http://lrc.tdmu.edu.vn/opac/search/detail.asp?aID=2&ID=5064
Oznake: Označite
Brez oznak, prvi označite!
Thư viện lưu trữ: Trung tâm Học liệu Trường Đại học Thủ Dầu Một
LEADER 00734nam a2200229Ia 4500
001 TDMU_5064
008 210410s9999 xx 000 0 und d
082 |a 807.071 
090 |b NG527 
100 |a Nguyễn, Khắc Phi 
245 0 |a Ngữ văn 9 
245 0 |c Nguyễn Khắc Phi 
245 0 |n T.2 
260 |a H. 
260 |b Giáo dục 
260 |c 2005 
300 |a 216tr 
520 |a NV Tiếng Việt trong trường phổ thông 
650 |a Sách lớp 9  |v Giáo khoa; Tiếng Việt  |x Dạy và học 
700 |a Nguyễn, Văn Long 
856 |u http://lrc.tdmu.edu.vn/opac/search/detail.asp?aID=2&ID=5064 
980 |a Trung tâm Học liệu Trường Đại học Thủ Dầu Một